| 000 | 00693cam a22002411 4500 | ||
|---|---|---|---|
| 001 | agr29001418 | ||
| 003 | DLC | ||
| 005 | 20260227110949.0 | ||
| 008 | 840508s1929 dcu b 000 0 eng | ||
| 010 | _aagr29001418 | ||
| 035 | _a(OCoLC)21644934 | ||
| 040 |
_aDLC _cCU _dDLC |
||
| 042 | _apremarc | ||
| 043 | _an-us--- | ||
| 050 | 0 | 0 |
_aZ5074.E3 _bU35 no. 27 |
| 100 | 1 |
_aColvin, Esther Marie, _d1894- |
|
| 245 | 1 | 0 | _aAgricultural relief; |
| 260 |
_aWashington, D.C., _c1929. |
||
| 300 | _a9 pts. | ||
| 650 | 0 |
_aAgriculture _xEconomic aspects _vBibliography. |
|
| 650 | 0 |
_aAgriculture _zUnited States _xBibliography |
|
| 710 | 1 |
_aUnited States. _bCongress. _bHouse. _bCommittee on Agriculture. |
|
| 999 |
_c9305 _d9305 |
||